| Поле | Название | Значение |
| |
Тип записи |
a |
| |
Библиографический уровень |
m |
| 001 |
Контрольный номер |
RU\NLR\BIBL_A\011375346 |
| 005 |
Дата корректировки |
20180510182256.5 |
| 010 |
Индекс ISBN |
__ |
| a |
ISBN |
978-5-496-02398-6 |
| d |
Цена |
982-80 |
| 021 |
№ государственной регистрации |
__ |
| b |
№ документа |
2017-22357 |
| 100 |
Данные общей обработки |
__ |
| a |
Данные общей обработки |
19170427d20 |||y0rusy0189 ca |
| 101 |
Язык документа |
__ |
| a |
Язык текста |
rus |
| c |
Язык оригинала |
eng |
| 102 |
Страна публикации |
__ |
| a |
Страна публикации |
RU |
| 102 |
Страна публикации |
__ |
| a |
Страна публикации |
RU |
| 105 |
Кодированные данные (монография) |
__ |
| a |
Кодированные данные (монография) |
y z 000zy |
| 200 |
Заглавие и сведения об ответственности |
__ |
| a |
Заглавие |
Не сдохни! Еда в борьбе за жизнь |
| e |
Сведения, относящиеся к заглавию |
[продукты, которые следует есть именно вам, образ жизни, который сохранит вашу молодость] |
| f |
Первые сведения об ответственности |
Майкл Грегер ; [перевод с англ. Н. Римицан] |
| 200 |
Заглавие и сведения об ответственности |
__ |
| d |
Параллельное заглавие |
How not to die |
| 210 |
Выходные данные |
__ |
| a |
Место издания |
Санкт-Петербург [и др.] |
| c |
Издательство |
Питер |
| d |
Дата издания |
2018 |
| 215 |
Физическое описание |
__ |
| a |
Объем |
460 с. |
| c |
Иллюстрации/тип воспроизводства |
ил. |
| 300 |
Общие примечания |
__ |
| a |
Общие примечания |
Доп. тит. л. англ. |
| 330 |
Аннотация |
__ |
| a |
Аннотация |
Как показывают исследования, питание и образ жизни важнее таблеток и скальпеля хирурга. Преждевременной смерти можно избежать, если слегка скорректировать свои пищевые пристрастия и образ жизни. Следуйте советам доктора Грегера и узнайте, какие продукты следует есть именно вам и как изменить образ жизни, чтобы жить дольше. Питайтесь правильно, уверяет доктор Грегер, и вам не понадобятся ни операции, ни таблетки! |
| 333 |
Примечание о целевом назначении |
__ |
| a |
Примечание о целевом назначении |
12+ |
| 606 |
Тематические рубрики |
__ |
| a |
Основная рубрика |
Гигиена питания |
| 606 |
Тематические рубрики |
__ |
| a |
Основная рубрика |
Здравоохранение. Медицинские науки |
| 606 |
Тематические рубрики |
__ |
| a |
Основная рубрика |
Личная гигиена |
| 610 |
Ключевые слова |
__ |
| a |
Ключевые слова |
питание и здоровье |
| 610 |
Ключевые слова |
__ |
| a |
Ключевые слова |
влияние образа жизни на здоровье |
| 610 |
Ключевые слова |
__ |
| a |
Ключевые слова |
здоровый образ жизни |
| 610 |
Ключевые слова |
__ |
| a |
Ключевые слова |
питание и болезни |
| 686 |
Индексы других классификаций |
__ |
| a |
Индекс ББК |
51.230 |
| 686 |
Индексы других классификаций |
__ |
| 2 |
Код системы |
rubbk |
| a |
Индекс ББК |
51.204.0 |
| 686 |
Индексы других классификаций |
__ |
| 2 |
Код системы |
rubbk |
| 700 |
Автор |
_1 |
| a |
Фамилия |
Грегер |
| b |
Имя |
М. |
| f |
Даты |
1972- |
| g |
Полное личное имя |
Майкл |
| 801 |
Источник записи |
_0 |
| a |
Страна |
RU |
| b |
Организация |
NLR |
| c |
Дата составления |
20170427 |
| g |
Правила каталогизации |
RCR |
| 801 |
Источник записи |
_1 |
| a |
Страна |
RU |
| b |
Организация |
NLR |
| c |
Дата составления |
20170427 |
| 801 |
Источник записи |
_2 |
| a |
Страна |
RU |
| b |
Организация |
NLR |
| c |
Дата составления |
20170427 |
| 801 |
Источник записи |
_2 |
| a |
Страна |
RU |
| b |
Организация |
Центральная районная библиотека им. Г. А. Пирожникова |
| c |
Дата составления |
20170427 |
| 852 |
Данные о местонахождении |
__ |
| j |
Шифр хранения |
51.230 |
| i |
Авторский знак |
Г 79 |
| b |
Сигла хранения |
8 |
| 901 |
Тип документа |
__ |
| t |
Тип документа |
m |
| 902 |
Роль лиц |
__ |
| a |
Создатель БЗ |
ОКиО/Струналь |
| 990 |
Данные о заказе (DOS) |
__ |
| j |
Количество экземпляров (DOS) |
1 |
| h |
N записи в КСУ для Б/У (DOS) |
2017-18 |